书目信息 |
| 题名: |
分光光度计
|
|
| 作者: | 洪吟霞 著 | |
| 分册: | ||
| 出版信息: | 北京 机械工业出版社 1982 |
|
| 页数: | 304页 | |
| 开本: | 19cm | |
| 丛书名: | ||
| 单 册: | ||
| 中图分类: | TH744.12 | |
| 科图分类: | ||
| 主题词: | 分光光度计 , 光学仪器 | |
| 电子资源: | ||
| ISBN: | ||
| 000 | 00638nam0 2200253 45 960 | |
| 001 | 0655149917 | |
| 002 | 0195053764 | |
| 005 | 20060814151951.78 | |
| 010 | @dCNY0.91 | |
| 091 | @a15033.5330 | |
| 100 | @a19950630d1982 k y0chiy0121 ea | |
| 101 | 0 | @achi |
| 102 | @aCN@b110000 | |
| 105 | @ay z 000yy | |
| 106 | @ar | |
| 200 | 10 | @a分光光度计@f洪吟霞著@Afen guang guang du ji |
| 210 | @a北京@c机械工业出版社@d1982 | |
| 215 | @a304页@d19cm | |
| 606 | @a分光光度计 | |
| 606 | 0 | @a光学仪器 |
| 690 | @aTH744.12@v3 | |
| 701 | 0 | @a洪吟霞@4著@Ahong yin xia |
| 801 | 0 | @aCN@b上海图书馆 @c20060814 |
| 905 | @a10447@dTH744.12@e45 | |
| 分光光度计/洪吟霞著.-北京:机械工业出版社,1982 |
| 304页;19cm |
| ISBN :CNY0.91 |
| ● |
| 相关链接 |
|
|
|
|
正题名:分光光度计
索取号:TH744.12/45
 
预约/预借
| 序号 | 登录号 | 条形码 | 馆藏地/架位号 | 状态 | 备注 |
| 1 | 0458201 | 204582013 | 密集书库/ [索取号:TH744.12/45] | 在馆 | |
| 2 | 0458202 | 204582022 | 密集书库/ [索取号:TH744.12/45] | 在馆 | |
| 3 | 0458203 | 204582031 | 密集书库/ [索取号:TH744.12/45] | 在馆 |